Daň z pridanej hodnoty pri obchodovaní v Európskej únii
Do slovenskej zákonnej úpravy dane z pridanej hodnoty budú k 1. máju 2004 premietnuté všetky pravidlá povinné pre členské štáty EÚ. Základné pravidlá obsahuje Šiesta smernica Rady 77/388/EHS o harmonizácii zákonov členských štátov týkajúcich sa dane z obratu, spoločný systém dane z pridanej hodnoty...
Enregistré dans:
| Auteur principal: | |
|---|---|
| Format: | Chapitre de livre |
| Langue: | slovaque |
| Sujets: | |
| Tags: |
Pas de tags, Soyez le premier à ajouter un tag!
|
MARC
| LEADER | 00000naa$a2200000$$$4500 | ||
|---|---|---|---|
| 001 | 0003821 | ||
| 005 | 20231003105405.6 | ||
| 041 | 0 | |a slo | |
| 044 | |a SK | ||
| 245 | 1 | 0 | |a Daň z pridanej hodnoty pri obchodovaní v Európskej únii |c aut. Zdenka Jablonková |
| 520 | |a Do slovenskej zákonnej úpravy dane z pridanej hodnoty budú k 1. máju 2004 premietnuté všetky pravidlá povinné pre členské štáty EÚ. Základné pravidlá obsahuje Šiesta smernica Rady 77/388/EHS o harmonizácii zákonov členských štátov týkajúcich sa dane z obratu, spoločný systém dane z pridanej hodnoty v znení jej viac ako dvadsiatich zmien a dodatkov. | ||
| 610 | 2 | 0 | |a dane z hodnoty pridanej |
| 610 | 2 | 0 | |a Slovensko |
| 610 | 2 | 0 | |a Európska únia |
| 610 | 2 | 0 | |a obchod |
| 610 | 2 | 0 | |a firmy |
| 100 | 1 | |a Jablonková, Zdenka | |